Every Game Created By Supercell - Statistics

General Stats
  • This quiz has been taken 31 times
    26 since last reset
  • The average score is 8 of 19
Answer Stats
Year Of Release Name Of The Game % Correct
2017/18 Brawl Stars
100%
2012 Clash Of Clans
100%
2012 Hay Day
100%
2016 Clash Royale
95%
2014 Boom Beach
86%
2021 Clash Mini
62%
2023 Squad Busters
57%
2021 Clash Quest
43%
2020 Hay Day Pop
38%
2023 mo.co
38%
2021 Everdale
33%
2019 Rush Wars
29%
2014 Spooky Pop
19%
2015 Smash Land
14%
2011 Gunshine.net
10%
2012 Battle Buddies
5%
2022 Boom Beach:Frontlines
5%
2023 Flood Rush
5%
2012 Pets vs Orcs
5%
No matching quizzes found
Score Distribution
Percent of People with Each Score
Percentile by Number Answered
Your Score History
You have not taken this quiz since the last reset